000 00474nam a22001697a 4500
005 20180720165321.0
010 _aA-842515
035 _aA-842515
037 _bProgress Publisher
082 _a220.947
245 _aNorth Russian architecture
_cKathleen Cook
260 _aMoscow
_bProgress Publisher
_c1972
300 _a322p.
_c16cm.(Hb)
700 _aCook, Kathleen
942 _2ddc
_cEN
_h220.947
_mNOR
999 _c154552
_d154552